[Event "New England Masters"]
[Site "Peabody United States"]
[Date "2007.08.13"]
[Round "1"]
[White "Rizzitano, James"]
[Black "Kritz, Leonid"]
[Result "0-1"]
[WhiteElo "2328"]
[BlackElo "2571"]
[PlyCount "74"]
[EventDate "2007.08.13"]
[Source "MonRoi"]

1. d4 Nf6 2. c4 c6 3. Nc3 d5 4. cxd5 cxd5 5. Bf4 Nc6 6. e3 a6 7. Bd3 Bg4 8.
Nge2 e6 9. Rc1 Be7 10. a3 Bh5 11. Bg3 O-O 12. O-O Rc8 13. b4 Nd7 14. Na4 b5 15.
Nc5 Nxc5 16. bxc5 Qa5 17. Qb3 Bxe2 18. Bxe2 Ra8 19. Rfd1 Qd8 20. a4 b4 21. a5
Qd7 22. e4 dxe4 23. d5 exd5 24. Qxd5 Qxd5 25. Rxd5 b3 26. Rb1 Rfd8 27. Rxd8+
Rxd8 28. Bxa6 Bxc5 29. Rxb3 Rd1+ 30. Bf1 h6 31. a6 Nd4 32. Rb2 Nf5 33. Re2 e3
34. fxe3 Nxe3 35. Be1 Rxe1 36. Rxe1 Nc2+ 37. Kh1 Nxe1 0-1

[Event "New England Masters"]
[Site "Peabody United States"]
[Date "2007.08.13"]
[Round "1"]
[White "Perelshteyn, Eugene"]
[Black "Vishnuvardhan, Arjun"]
[Result "1-0"]
[WhiteElo "2540"]
[BlackElo "2325"]
[PlyCount "77"]
[EventDate "2007.08.13"]
[Source "MonRoi"]

1. d4 Nf6 2. c4 e6 3. Nc3 Bb4 4. g3 c5 5. Nf3 cxd4 6. Nxd4 Ne4 7. Qd3 Bxc3+ 8.
bxc3 Nc5 9. Qd2 b6 10. Nb5 O-O 11. Nd6 Nc6 12. Bg2 Ba6 13. Ba3 Rb8 14. O-O Na5
15. Qd4 Qc7 16. Rfd1 Rfd8 17. Qf4 f6 18. Qh4 Nab7 19. Nb5 Qe5 20. Bc1 Qxe2 21.
Bf4 Rbc8 22. Nc7 Qxc4 23. Nd5 Rf8 24. Rd4 Qe2 25. Ne7+ Kh8 26. Be3 g5 27. Qh6
Rce8 28. Ng6+ Kg8 29. Nxf8 Rxf8 30. Bf1 Qb2 31. Rad1 Bxf1 32. Bxg5 Bd3 33. Bxf6
Rxf6 34. Qxf6 Bg6 35. Rf4 Bf5 36. Qg5+ Kh8 37. g4 Qe2 38. Rf1 Bg6 39. Qf6+ 1-0

[Event "New England Masters"]
[Site "Peabody United States"]
[Date "2007.08.13"]
[Round "1"]
[White "Davies, Nigel"]
[Black "Bournival, Braden"]
[Result "1-0"]
[WhiteElo "2495"]
[BlackElo "2291"]
[PlyCount "79"]
[EventDate "2007.08.13"]
[Source "MonRoi"]

1. e4 c6 2. d4 d5 3. f3 e6 4. Nc3 Bb4 5. a3 Bxc3+ 6. bxc3 dxe4 7. Qe2 exf3 8.
Nxf3 Nf6 9. Qe3 Nd5 10. Qe5 Qf6 11. Qd6 e5 12. Qxf6 Nxf6 13. Nxe5 Nbd7 14. Nc4
O-O 15. Nd6 Ne4 16. Nxe4 Re8 17. Kf2 Rxe4 18. Bd3 Re8 19. Bf4 Nf6 20. Rhe1 Be6
21. c4 Rad8 22. c3 c5 23. d5 Bc8 24. a4 b6 25. h3 Ba6 26. Bg5 Rxe1 27. Rxe1 Re8
28. Rxe8+ Nxe8 29. Be7 Bc8 30. a5 Nf6 31. axb6 axb6 32. Bd8 Ba6 33. Bxf6 gxf6
34. Kg3 Kf8 35. Kg4 Ke7 36. h4 Kf8 37. Kh5 Kg7 38. g4 f5 39. d6 Kf8 40. gxf5
1-0

[Event "New England Masters"]
[Site "Peabody United States"]
[Date "2007.08.13"]
[Round "1"]
[White "Critelli, James"]
[Black "Friedel, Joshua"]
[Result "0-1"]
[WhiteElo "2262"]
[BlackElo "2472"]
[PlyCount "120"]
[EventDate "2007.08.13"]
[Source "MonRoi"]

1. e4 e5 2. Nf3 Nc6 3. Bb5 a6 4. Ba4 Nf6 5. O-O b5 6. Bb3 Bc5 7. d3 d6 8. c3
O-O 9. Re1 Bb6 10. a4 Rb8 11. h3 h6 12. axb5 axb5 13. Na3 Ra8 14. Rb1 Ba6 15.
Nc2 Bb7 16. Be3 Na5 17. Bxb6 Nxb3 18. Be3 Nd7 19. Nd2 Nxd2 20. Qxd2 f5 21. f3
Nf6 22. Qe2 Qd7 23. Kh2 d5 24. exf5 Qxf5 25. d4 c6 26. Qf2 Rae8 27. Rbc1 Nd7
28. Qg3 Re6 29. Qg4 Qf7 30. Qh4 Rfe8 31. Bd2 c5 32. b4 cxd4 33. cxd4 e4 34. f4
Nb6 35. Ne3 Nc4 36. Bc3 Rf6 37. Nxc4 dxc4 38. Bd2 e3 39. Rxe3 Rg6 40. g4 Rxe3
41. Bxe3 Qd5 42. Qf2 Ra6 43. f5 Ra3 44. Re1 c3 45. Re2 Ra1 46. Kg3 Qh1 47. Kh4
Rf1 48. Qh2 Qd5 49. Qb8+ Kh7 50. Qe8 Qd6 51. Qg6+ Qxg6 52. fxg6+ Kxg6 53. Kg3
c2 54. Rxc2 Rf3+ 55. Kh2 Rxe3 56. Rc5 Be4 57. Rxb5 Bd3 58. Rb6+ Kg5 59. Kg2 Kf4
60. Rb8 Re2+ 0-1

[Event "New England Masters"]
[Site "Peabody United States"]
[Date "2007.08.13"]
[Round "1"]
[White "Hess, Robert"]
[Black "Belliard, Luis"]
[Result "1-0"]
[WhiteElo "2439"]
[BlackElo "2232"]
[PlyCount "119"]
[EventDate "2007.08.13"]
[Source "MonRoi"]

1. e4 c5 2. Nc3 e6 3. g3 d6 4. Bg2 Nf6 5. Nge2 Be7 6. d4 O-O 7. dxc5 dxc5 8.
Qxd8 Rxd8 9. e5 Nd5 10. Bd2 Nc6 11. f4 Nxc3 12. Nxc3 Bd7 13. O-O-O Be8 14. Be3
Rxd1+ 15. Rxd1 Rd8 16. Rxd8 Nxd8 17. Kd2 Bc6 18. Be4 h6 19. Kd3 b6 20. a4 Kf8
21. a5 Ke8 22. axb6 axb6 23. Bxc6+ Nxc6 24. Na4 Bd8 25. Kc4 Na7 26. Kd3 Kd7 27.
b4 cxb4 28. Nxb6+ Kc6 29. Na4 Nc8 30. Kc4 Ne7 31. Bc5 Nd5 32. Bxb4 Nxb4 33.
Kxb4 f6 34. exf6 Bxf6 35. Nc3 Bd4 36. Kc4 Bg1 37. h3 Bc5 38. Ne4 Bb6 39. Kd3
Ba7 40. Nc3 Bc5 41. Ke4 Be7 42. Ne2 Kd6 43. Nc1 Bf6 44. Nd3 Bc3 45. g4 Kc6 46.
h4 Kd6 47. g5 hxg5 48. fxg5 Ke7 49. Ne5 Kd6 50. Ng6 Ba5 51. h5 Bd2 52. Ne5 Ke7
53. Nf3 Bc1 54. Ke5 Bb2+ 55. Nd4 Bc3 56. Ke4 Bd2 57. Nf3 Bc1 58. c4 Kd6 59. c5+
Kxc5 60. h6 1-0

[Event "New England Masters"]
[Site "Peabody United States"]
[Date "2007.08.13"]
[Round "1"]
[White "Sarkar, Justin"]
[Black "Bick, John"]
[Result "1-0"]
[WhiteElo "2403"]
[BlackElo "2218"]
[PlyCount "55"]
[EventDate "2007.08.13"]
[Source "MonRoi"]

1. d4 Nf6 2. c4 e6 3. Nc3 Bb4 4. Qc2 c5 5. dxc5 Na6 6. a3 Bxc3+ 7. Qxc3 Nxc5 8.
b4 Nce4 9. Qb2 d5 10. c5 h6 11. f3 Ng5 12. Be3 O-O 13. Bd4 Ne8 14. h4 Nh7 15.
e3 a5 16. Bd3 axb4 17. axb4 Rxa1+ 18. Qxa1 Bd7 19. Ne2 f5 20. Nf4 Nhf6 21. Ng6
Rf7 22. Ne5 Re7 23. b5 Nc7 24. Qa5 Qc8 25. Kf2 Be8 26. b6 Na6 27. Bxa6 bxa6 28.
c6 1-0

[Event "New England Masters"]
[Site "Peabody United States"]
[Date "2007.08.13"]
[Round "1"]
[White "Ippolito, Dean"]
[Black "Alvarez, Franklin"]
[Result "1-0"]
[WhiteElo "2395"]
[BlackElo "2200"]
[PlyCount "111"]
[EventDate "2007.08.13"]
[Source "MonRoi"]

1. d4 Nf6 2. c4 e6 3. Nc3 Bb4 4. Qc2 b6 5. e4 Bxc3+ 6. bxc3 d6 7. Bd3 Bb7 8. f4
Nbd7 9. Nf3 e5 10. fxe5 dxe5 11. O-O Qe7 12. a4 O-O 13. Bg5 exd4 14. Rae1 h6
15. Bxf6 Nxf6 16. cxd4 Nh5 17. Qd2 Qd7 18. d5 Bc8 19. e5 Qxa4 20. Nd4 Qa3 21.
Be2 Qc5 22. Bxh5 Ba6 23. Qf2 Bxc4 24. Bxf7+ Kh8 25. Ne6 Rxf7 26. Nxc5 Rxf2 27.
Rxf2 bxc5 28. e6 Re8 29. e7 Kg8 30. Rc2 Bxd5 31. Rxc5 c6 32. Ra5 Kf7 33. Rxa7
Be6 34. Rf1+ Kg8 35. Rc7 c5 36. Kf2 Bc4 37. Rc1 Be6 38. Ke3 c4 39. Kd4 Bf7 40.
Re1 c3 41. Kxc3 Bh5 42. Re5 Bg6 43. Re2 Bf5 44. Kd4 Bg4 45. Re4 Bf5 46. Rf4 g6
47. g4 Be6 48. Rf6 Bf7 49. Rd6 Kg7 50. Rd8 Kf6 51. Rxe8 Bxe8 52. Kd5 h5 53. g5+
Kxg5 54. Rc8 Ba4 55. Ke5 h4 56. h3 1-0

[Event "New England Masters"]
[Site "Peabody United States"]
[Date "2007.08.13"]
[Round "1"]
[White "Shankar, Gauri"]
[Black "Vigorito, David"]
[Result "0-1"]
[WhiteElo "2177"]
[BlackElo "2393"]
[PlyCount "138"]
[EventDate "2007.08.13"]
[Source "MonRoi"]

1. d4 g6 2. c4 Bg7 3. e4 d6 4. Nf3 Bg4 5. Be2 Nc6 6. d5 Bxf3 7. Bxf3 Nd4 8. Nc3
c5 9. O-O Nf6 10. Be3 Nd7 11. Be2 O-O 12. f4 a6 13. Bd3 Rb8 14. Ne2 b5 15. Bxd4
cxd4 16. cxb5 axb5 17. b4 Nb6 18. Qb3 Na4 19. Rfe1 Qb6 20. Rad1 Rbc8 21. Kh1
Rc7 22. Rd2 Rfc8 23. Rdd1 Nc3 24. Nxc3 Rxc3 25. Qb2 Qb7 26. Qe2 R8c7 27. Qf1
Ra3 28. Rd2 Rcc3 29. Bxb5 Re3 30. Rxe3 dxe3 31. Rc2 Bc3 32. Qc4 Bd2 33. Qc8+
Qxc8 34. Rxc8+ Kg7 35. Rc2 Bxb4 36. g3 f5 37. exf5 gxf5 38. Kg2 Kf6 39. Bc4 Bc5
40. Bb3 Ra7 41. Kf3 Rb7 42. Rc4 Rb8 43. Rc2 h6 44. Rc4 Kf7 45. Rc2 h5 46. Rc1
Kf6 47. h3 Rg8 48. Rc2 Bb4 49. Rg2 h4 50. g4 fxg4+ 51. hxg4 Rh8 52. Kxe3 h3 53.
g5+ Kg7 54. Rh2 Bc5+ 55. Kf3 Bg1 56. Rh1 h2 57. Kg4 Rc8 58. Kf5 Rc3 59. Ke6
Re3+ 60. Kd7 Kf7 61. Bc2 Rc3 62. Bf5 Ra3 63. g6+ Kf6 64. Bb1 Ra5 65. g7 Ra7+
66. Ke8 Kxg7 67. Bd3 Kf6 68. Bb1 Ra5 69. Bc2 Rxa2 0-1

[Event "New England Masters"]
[Site "Peabody United States"]
[Date "2007.08.14"]
[Round "2"]
[White "Kritz, Leonid"]
[Black "Sarkar, Justin"]
[Result "1-0"]
[WhiteElo "2571"]
[BlackElo "2403"]
[PlyCount "71"]
[EventDate "2007.08.13"]
[Source "MonRoi"]

1. e4 c5 2. Nc3 a6 3. g3 b5 4. Bg2 Bb7 5. f4 Nf6 6. d3 e6 7. Nf3 d5 8. e5 d4 9.
exf6 dxc3 10. fxg7 Bxg7 11. b3 Nc6 12. Qe2 Qe7 13. Be3 Nd4 14. Bxd4 Bxd4 15.
Nxd4 cxd4 16. O-O O-O-O 17. a4 b4 18. f5 e5 19. f6 Qe6 20. Bxb7+ Kxb7 21. Rae1
Rhe8 22. Qh5 Qd5 23. Re4 Kc6 24. Qxh7 Rh8 25. Qf5 Kd6 26. Rfe1 Rde8 27. g4 Rh3
28. R1e2 Reh8 29. g5 R8h5 30. Qxe5+ Qxe5 31. Rxe5 Rxh2 32. Rxh2 Rxh2 33. Kxh2
Kxe5 34. g6 Kxf6 35. gxf7 Kxf7 36. Kg3 1-0

[Event "New England Masters"]
[Site "Peabody United States"]
[Date "2007.08.14"]
[Round "2"]
[White "Pruess, David"]
[Black "Perelshteyn, Eugene"]
[Result "1/2-1/2"]
[WhiteElo "2424"]
[BlackElo "2540"]
[PlyCount "317"]
[EventDate "2007.08.13"]
[Source "MonRoi"]

1. e4 c5 2. Nf3 Nc6 3. d4 cxd4 4. Nxd4 g6 5. Nc3 Bg7 6. Be3 Nf6 7. Nxc6 bxc6 8.
e5 Ng8 9. f4 Nh6 10. Qd2 d6 11. exd6 exd6 12. O-O-O O-O 13. Bd4 Bxd4 14. Qxd4
Nf5 15. Qd2 d5 16. g4 Nd6 17. Rg1 Rb8 18. Rg3 Qf6 19. Bd3 c5 20. g5 Qg7 21. Qf2
c4 22. Qc5 Rb6 23. Be2 Be6 24. Re3 Rc8 25. Qa3 d4 26. Qxa7 Rcb8 27. Na4 Nb5 28.
Qxb6 Rxb6 29. Nxb6 Qf8 30. Re5 Qb4 31. Rxe6 fxe6 32. Nxc4 Qf8 33. Rf1 Qa8 34.
Kb1 Qg2 35. Bd3 Qxh2 36. a4 Nc7 37. a5 Qg2 38. Re1 Qc6 39. Re4 Qc5 40. Re5 Qb4
41. Re4 Qc5 42. Re5 Qa7 43. b4 Nd5 44. b5 Qc5 45. Nd2 Qa3 46. Rxd5 exd5 47. Nb3
Kf7 48. a6 Ke7 49. b6 Kd7 50. Bb5+ Kc8 51. Bd3 Kb8 52. b7 Ka7 53. f5 gxf5 54.
Bxf5 Qxa6 55. Bxh7 Qf1+ 56. Kb2 Qg1 57. Bd3 Qxg5 58. Kb1 Kxb7 59. Kb2 Qg1 60.
Ka2 Kb6 61. Kb2 Kc6 62. Ka2 Kd6 63. Kb2 Ke5 64. Ka2 Qe1 65. Kb2 Qc3+ 66. Ka2
Kf4 67. Bh7 Qb4 68. Bd3 Ke3 69. Kb2 Qa4 70. Bg6 Qa6 71. Bd3 Qa7 72. Bg6 Kf4 73.
Bd3 Kg5 74. Be2 d3 75. Bxd3 Kf4 76. Bb5 Ke3 77. Bd3 Qa8 78. Bb5 Qa7 79. Bd3 Qa4
80. Bg6 Kf4 81. Bd3 Kg5 82. Be2 Kf5 83. Bd3+ Ke5 84. Be2 Qa7 85. Bd3 Kd6 86.
Be2 Kc6 87. Bd3 Qb8 88. Ka2 Qb4 89. Kb2 Kd6 90. Be2 Ke5 91. Bd3 Kf4 92. Be2 Ke3
93. Bd3 Qa4 94. Bg6 Qa6 95. Bd3 Qa7 96. Bb5 Kf2 97. Bd3 Ke1 98. Bf5 Qg7+ 99.
Ka2 Kd1 100. Bd3 Qf6 101. Kb1 Qc3 102. Ka2 Qh8 103. Kb1 Qa8 104. Kb2 Qa7 105.
Bf5 Qg7+ 106. Kb1 Ke2 107. Bd3+ Ke3 108. Ka2 Qa7+ 109. Kb2 Kf4 110. Be2 Qa4
111. Bd3 Kf3 112. Bg6 Kf4 113. Bd3 Ke5 114. Bg6 d4 115. Bd3 Qa7 116. Be2 Ke4
117. Bb5 Kd5 118. Be2 Qe7 119. Bd3 Qe1 120. Ka2 Qc3 121. Kb1 Ke5 122. Ka2 Kf4
123. Bg6 Ke3 124. Bd3 Qc8 125. Kb2 Qg8 126. Bb5 Qg1 127. Bd3 Qe1 128. Ka2 Qc3
129. Bg6 Qc6 130. Bd3 Qb7 131. Kb2 Qa7 132. Bf5 Kf4 133. Bd3 Ke5 134. Be2 Kd5
135. Bd3 Kc6 136. Be2 Kd6 137. Bd3 Qa4 138. Be2 Qb4 139. Bd3 Qc3+ 140. Ka2 Kc6
141. Kb1 Kd5 142. Ka2 Qc8 143. Kb2 Qd7 144. Be2 Qa7 145. Bd3 Ke5 146. Be2 Ke4
147. Bb5 Ke3 148. Bd3 Qg7 149. Kb1 Qg8 150. Kb2 Qg1 151. Bb5 Qe1 152. Bd3 Qb4
153. Bg6 Qc3+ 154. Ka2 Qc7 155. Bd3 Qd7 156. Kb2 Qa4 157. Bg6 Kf4 158. Bd3 Ke5
159. Be2 1/2-1/2

[Event "New England Masters"]
[Site "Peabody United States"]
[Date "2007.08.14"]
[Round "2"]
[White "Milman, Lev"]
[Black "Ippolito, Dean"]
[Result "1/2-1/2"]
[WhiteElo "2499"]
[BlackElo "2395"]
[PlyCount "64"]
[EventDate "2007.08.13"]
[Source "MonRoi"]

1. e4 e5 2. Nf3 Nf6 3. Nxe5 d6 4. Nf3 Nxe4 5. d4 d5 6. Bd3 Bd6 7. O-O O-O 8. c4
c6 9. Re1 Bf5 10. cxd5 cxd5 11. Nc3 Nxc3 12. bxc3 Bxd3 13. Qxd3 Nd7 14. Qf5 Nb6
15. Ng5 g6 16. Qh3 h5 17. g4 Qc8 18. gxh5 Qxh3 19. Nxh3 Rfe8 20. Bf4 Bxf4 21.
Nxf4 g5 22. Nh3 g4 23. Nf4 Rxe1+ 24. Rxe1 Rc8 25. Re3 Kg7 26. Kg2 Kh6 27. Kg3
Kg5 28. Re5+ f5 29. h4+ gxh3 30. Nxh3+ Kxh5 31. Rxf5+ Kh6 32. Rf3 Na4 1/2-1/2

[Event "New England Masters"]
[Site "Peabody United States"]
[Date "2007.08.14"]
[Round "2"]
[White "Vigorito, David"]
[Black "Davies, Nigel"]
[Result "1/2-1/2"]
[WhiteElo "2393"]
[BlackElo "2495"]
[PlyCount "75"]
[EventDate "2007.08.13"]
[Source "MonRoi"]

1. d4 Nf6 2. c4 c5 3. d5 e5 4. Nc3 d6 5. e4 Nbd7 6. Bd3 Be7 7. Nge2 h5 8. h4 a6
9. Ng3 g6 10. Nf1 Rb8 11. a4 b6 12. Bd2 Kf8 13. Qe2 Ne8 14. g3 Nc7 15. Ne3 Kg7
16. f3 Bf6 17. Rh2 Rb7 18. O-O-O b5 19. cxb5 axb5 20. axb5 Nb6 21. Kc2 Bd7 22.
Ra1 Qb8 23. b3 Nc8 24. Nc4 Nxb5 25. Nxb5 Rxb5 26. Na5 Rb6 27. Bg5 Bxg5 28. hxg5
Na7 29. Kc1 Qc7 30. Qe3 Nb5 31. Bxb5 Bxb5 32. f4 exf4 33. Qc3+ Kh7 34. g4 Kg8
35. gxh5 Qe7 36. h6 Rh7 37. Nc6 Bxc6 38. dxc6 1/2-1/2

[Event "New England Masters"]
[Site "Peabody United States"]
[Date "2007.08.14"]
[Round "2"]
[White "Friedel, Joshua"]
[Black "Enkin, Max"]
[Result "1/2-1/2"]
[WhiteElo "2472"]
[BlackElo "2213"]
[PlyCount "79"]
[EventDate "2007.08.13"]
[Source "MonRoi"]

1. e4 c5 2. Nf3 d6 3. d4 cxd4 4. Nxd4 Nf6 5. Nc3 e6 6. g4 h6 7. h4 Nc6 8. Rg1
h5 9. gxh5 Nxh5 10. Bg5 Nf6 11. Qd2 Qb6 12. Nb3 a6 13. O-O-O Bd7 14. Rg3 Qc7
15. Bg2 Be7 16. f4 O-O-O 17. Rd3 Nb4 18. Rd4 Nc6 19. Rd3 Nb4 20. Re3 Nc6 21.
Qe2 Kb8 22. Bf3 Ng8 23. Bxe7 Ngxe7 24. h5 f5 25. e5 dxe5 26. fxe5 f4 27. Re4
Nf5 28. Rxf4 Qxe5 29. Qxe5+ Nxe5 30. Nc5 Bc8 31. Rxd8 Rxd8 32. Bg2 Kc7 33. Bh3
Rd4 34. Rf1 Nc4 35. Nxe6+ Bxe6 36. Bxf5 Ne3 37. Re1 Nxf5 38. Rxe6 Rh4 39. Nd5+
Kd7 40. Re5 1/2-1/2

[Event "New England Masters"]
[Site "Peabody United States"]
[Date "2007.08.14"]
[Round "2"]
[White "Haessel, Dale"]
[Black "Burnett, Ronald"]
[Result "0-1"]
[WhiteElo "2136"]
[BlackElo "2373"]
[PlyCount "84"]
[EventDate "2007.08.13"]
[Source "MonRoi"]

1. d4 b6 2. e4 Bb7 3. Bd3 e6 4. f3 c5 5. d5 exd5 6. exd5 Bxd5 7. Bxh7 Qh4+ 8.
Kf1 Qxh7 9. Qxd5 Nc6 10. Na3 Nge7 11. Qe4 Qxe4 12. fxe4 Rh4 13. Nb5 Kd8 14. Nf3
Rxe4 15. Ng5 Rg4 16. h3 Rxg5 17. Bxg5 f6 18. Bd2 Nf5 19. Kf2 c4 20. g4 Bc5+ 21.
Kg2 Nh4+ 22. Kg3 Ng6 23. Rhe1 a6 24. Na3 b5 25. c3 Nce5 26. b4 Bd6 27. Kg2 Kc7
28. Nc2 Nh4+ 29. Kf1 Nhf3 30. Re2 Rh8 31. Kg2 Nh4+ 32. Kf1 Nd3 33. Nd4 Be5 34.
a4 Bxd4 35. cxd4 Nf3 36. axb5 axb5 37. Ra7+ Kd6 38. Ra5 Nxd4 39. Re4 Kd5 40.
Re7 Ne5 41. Rxg7 Rxh3 42. Bf4 Rf3+ 0-1

[Event "New England Masters"]
[Site "Peabody United States"]
[Date "2007.08.14"]
[Round "2"]
[White "Rensch, Daniel"]
[Black "Vicary, Elizabeth"]
[Result "1-0"]
[WhiteElo "2400"]
[BlackElo "2148"]
[PlyCount "67"]
[EventDate "2007.08.13"]
[Source "MonRoi"]

1. e4 c5 2. Nf3 Nc6 3. d4 cxd4 4. Nxd4 Nf6 5. Nc3 e5 6. Ndb5 d6 7. Bg5 a6 8.
Na3 b5 9. Bxf6 gxf6 10. Nd5 f5 11. Bd3 Be6 12. O-O Bxd5 13. exd5 Ne7 14. Nxb5
Bg7 15. Nc3 O-O 16. Re1 e4 17. Bf1 Bxc3 18. bxc3 Rc8 19. Qh5 Nxd5 20. Qxf5 Nf6
21. Re3 Rc5 22. Qf4 Kh8 23. Rh3 Rg8 24. Rd1 d5 25. Bxa6 Qb6 26. Bf1 Qe6 27. c4
Rg6 28. Rg3 Kg7 29. Qe3 Ra5 30. cxd5 Rxd5 31. Rxd5 Qxd5 32. a4 Qa2 33. Qd4 Qxc2
34. a5 1-0

[Event "New England Masters"]
[Site "Peabody United States"]
[Date "2007.08.14"]
[Round "2"]
[White "Belliard, Luis"]
[Black "Yanayt, Eugene"]
[Result "0-1"]
[WhiteElo "2232"]
[BlackElo "2335"]
[PlyCount "94"]
[EventDate "2007.08.13"]
[Source "MonRoi"]

1. d4 Nf6 2. Nf3 g6 3. Bf4 Bg7 4. e3 O-O 5. h3 d6 6. c3 Nbd7 7. Bh2 c5 8. Nbd2
a6 9. a4 b6 10. e4 e5 11. dxe5 dxe5 12. Qc2 Bb7 13. Be2 Qe7 14. O-O Ne8 15. Nc4
f5 16. Nfd2 Nef6 17. Bd3 f4 18. Rfd1 Kh8 19. Be2 g5 20. f3 Ne8 21. Nb3 Rb8 22.
Nc1 Qe6 23. Nd3 b5 24. axb5 axb5 25. Na5 Bc8 26. Kf1 Rg8 27. Bg1 Bf8 28. b4 c4
29. Nc5 Nxc5 30. bxc5 h5 31. c6 Qg6 32. Rab1 g4 33. hxg4 Bd6 34. Rd5 Nc7 35.
Rd2 Ra8 36. Nb7 Be7 37. Nc5 Qxc6 38. Rd5 Nxd5 39. exd5 Qxd5 40. Rd1 Qc6 41. Ne4
hxg4 42. Nf2 Bc5 43. fxg4 Qg6 44. Qb2 Bxf2 45. Bxf2 Bxg4 46. Bc5 Qe4 47. Re1
Bh3 0-1

[Event "New England Masters"]
[Site "Peabody United States"]
[Date "2007.08.14"]
[Round "2"]
[White "Bick, John"]
[Black "Rizzitano, James"]
[Result "0-1"]
[WhiteElo "2218"]
[BlackElo "2328"]
[PlyCount "117"]
[EventDate "2007.08.13"]
[Source "MonRoi"]

1. d4 Nf6 2. c4 g6 3. Nc3 Bg7 4. e4 d6 5. Be2 O-O 6. Bg5 Na6 7. Nf3 h6 8. Be3
Ng4 9. Bc1 e5 10. O-O c6 11. h3 exd4 12. Nxd4 Nf6 13. Re1 Re8 14. Bf3 Nh7 15.
Nb3 Ng5 16. Bf4 Bxh3 17. Bg4 Bxg4 18. Qxg4 Ne6 19. Bh2 h5 20. Qh3 Be5 21. Rad1
Qg5 22. Rxd6 Bxd6 23. Bxd6 Rad8 24. Qh2 Rxd6 25. Qxd6 Rd8 26. Qh2 Rd3 27. Rd1
Rxd1+ 28. Nxd1 Qd8 29. Ne3 Qd3 30. Qe5 Qb1+ 31. Kh2 Qxa2 32. Nd2 Qa1 33. Nf5
Qe1 34. Ne7+ Kf8 35. Nxg6+ Ke8 36. Nf3 Qxf2 37. Qh8+ Kd7 38. Nge5+ Kc7 39. Nxf7
Kb6 40. Qf6 Nac5 41. b4 Nxe4 42. Qxe6 Qg3+ 43. Kh1 Nf2+ 44. Kg1 Ng4 45. Qe2 a5
46. c5+ Ka7 47. bxa5 Qf4 48. N7e5 Qc1+ 49. Qe1 Qxe1+ 50. Nxe1 Nxe5 51. Kf2 Ka6
52. Ke3 Kxa5 53. Kd4 Ng6 54. Nd3 Kb5 55. g3 h4 56. g4 h3 57. Nf2 h2 58. g5 Nf4
59. Nh1 0-1

[Event "New England Masters"]
[Site "Peabody United States"]
[Date "2007.08.14"]
[Round "2"]
[White "Vishnuvardhan, Arjun"]
[Black "Critelli, James"]
[Result "1/2-1/2"]
[WhiteElo "2325"]
[BlackElo "2262"]
[PlyCount "89"]
[EventDate "2007.08.13"]
[Source "MonRoi"]

1. e4 c5 2. Nc3 d6 3. g3 Nc6 4. Bg2 g6 5. d3 Bg7 6. f4 Nh6 7. Nf3 f5 8. O-O O-O
9. Kh1 Nf7 10. Be3 Nd4 11. Qd2 Bd7 12. Rae1 Bc6 13. Nh4 Qd7 14. Nd1 e6 15. c3
Nb5 16. Bg1 Nc7 17. Qe2 Rfe8 18. g4 b5 19. h3 Nh6 20. Qf3 Rab8 21. Qg3 b4 22.
c4 Rf8 23. Re2 Rbe8 24. Ne3 Qd8 25. exf5 Bxg2+ 26. Rxg2 e5 27. Nf3 exf4 28.
Qxf4 Qd7 29. Nd2 Re5 30. Nf3 Ree8 31. Nh4 Qc6 32. g5 Nxf5 33. Nhxf5 gxf5 34. h4
Ne6 35. Qf3 Qxf3 36. Rxf3 Nd4 37. Rf1 f4 38. Nd5 f3 39. Rg3 Nf5 40. Rg4 h5 41.
gxh6 Nxh6 42. Rg6 Nf5 43. Rxf3 Nxh4 44. Rxf8+ Rxf8 45. Rg4 1/2-1/2

[Event "New England Masters"]
[Site "Peabody United States"]
[Date "2007.08.14"]
[Round "2"]
[White "Figler, Ilye"]
[Black "Liu, Elliot"]
[Result "0-1"]
[WhiteElo "2332"]
[BlackElo "2260"]
[PlyCount "90"]
[EventDate "2007.08.13"]
[Source "MonRoi"]

1. c4 g6 2. Nc3 Bg7 3. g3 e5 4. Bg2 d6 5. Nf3 f5 6. O-O Nc6 7. d3 Nf6 8. Bg5 h6
9. Bxf6 Qxf6 10. Rb1 Be6 11. Nd2 O-O 12. b4 Nd8 13. Nd5 Qf7 14. b5 c6 15. bxc6
bxc6 16. Nb4 Rc8 17. Qa4 d5 18. Qa5 e4 19. Rbc1 Rb8 20. cxd5 cxd5 21. Nb3 Qd7
22. Na6 Rb6 23. Nac5 Qe7 24. Nxe6 Qxe6 25. Nc5 Qf7 26. Na4 Rc6 27. e3 g5 28.
dxe4 dxe4 29. Nc5 Ne6 30. Nxe6 Qxe6 31. Rxc6 Qxc6 32. Rb1 Rf7 33. Bh3 f4 34.
exf4 gxf4 35. gxf4 e3 36. fxe3 Qg6+ 37. Kf2 Qxb1 38. Be6 Qc2+ 39. Kf3 Qd1+ 40.
Kf2 Qc2+ 41. Kf1 Qb1+ 42. Kf2 Qb2+ 43. Kg3 Qf6 44. Qd5 Bf8 45. e4 Qxf4+ 0-1

[Event "New England Masters"]
[Site "Peabody United States"]
[Date "2007.08.14"]
[Round "3"]
[White "Shankland, Samuel"]
[Black "Vishnuvardhan, Arjun"]
[Result "1/2-1/2"]
[WhiteElo "2166"]
[BlackElo "2325"]
[PlyCount "71"]
[EventDate "2007.08.13"]
[Source "MonRoi"]

1. e4 c5 2. Nf3 Nc6 3. d4 cxd4 4. Nxd4 Nf6 5. Nc3 e5 6. Ndb5 d6 7. Bg5 a6 8.
Na3 b5 9. Bxf6 gxf6 10. Nd5 Bg7 11. c3 f5 12. g3 fxe4 13. Bg2 O-O 14. Bxe4 f5
15. Bg2 Rb8 16. O-O a5 17. Qb3 a4 18. Qd1 e4 19. Nc2 Ne5 20. Nd4 Qe8 21. f3
exf3 22. Nxf3 Kh8 23. Qc2 Qh5 24. Rad1 Bh6 25. Nxe5 dxe5 26. Qf2 f4 27. Bf3 Qg5
28. Kh1 fxg3 29. Qxg3 Qxg3 30. hxg3 Rxf3 31. Rxf3 Bg4 32. Kg2 e4 33. Rff1 Bxd1
34. Rxd1 Rd8 35. Rd4 Bc1 36. b3 1/2-1/2

[Event "New England Masters"]
[Site "Peabody United States"]
[Date "2007.08.14"]
[Round "3"]
[White "MacIntyre, Paul"]
[Black "Vicary, Elizabeth"]
[Result "1-0"]
[WhiteElo "2304"]
[BlackElo "2148"]
[PlyCount "61"]
[EventDate "2007.08.13"]
[Source "MonRoi"]

1. e4 c5 2. Nf3 Nc6 3. g3 e5 4. Bg2 g6 5. O-O Bg7 6. c3 Nge7 7. d3 O-O 8. Nbd2
d5 9. exd5 Nxd5 10. Qb3 Nc7 11. Nc4 Ne6 12. a4 Rb8 13. Re1 f6 14. Be3 b6 15.
Rad1 Kh8 16. Qa2 Qd7 17. Bc1 Bb7 18. a5 b5 19. a6 Ba8 20. Ncd2 f5 21. Nb3 Rfd8
22. Be3 Qe7 23. Qa3 b4 24. Qa4 Rd7 25. Nfd2 Rc8 26. cxb4 Ncd4 27. Bxa8 Rxa8 28.
Nxc5 Rdd8 29. Nxe6 Qxe6 30. b5 Rac8 31. Bxd4 1-0

[Event "New England Masters"]
[Site "Peabody United States"]
[Date "2007.08.14"]
[Round "3"]
[White "Critelli, James"]
[Black "Alvarez, Franklin"]
[Result "1-0"]
[WhiteElo "2262"]
[BlackElo "2200"]
[PlyCount "167"]
[EventDate "2007.08.13"]
[Source "MonRoi"]

1. e4 e5 2. Nf3 Nc6 3. Bb5 a6 4. Ba4 Nf6 5. O-O Be7 6. Re1 b5 7. Bb3 d6 8. c3
Bg4 9. h3 Bh5 10. d3 O-O 11. Nbd2 Na5 12. Bc2 c5 13. Nf1 Rc8 14. g4 Bg6 15. Ng3
Nc6 16. Nh4 Re8 17. g5 Nd7 18. Qg4 Nf8 19. Bb3 Qd7 20. Nhf5 Bxf5 21. Nxf5 Ne6
22. h4 Bf8 23. h5 Ne7 24. Ne3 Rcd8 25. Ng2 Nc7 26. Qf3 d5 27. exd5 Nexd5 28. g6
fxg6 29. hxg6 h6 30. a4 Kh8 31. axb5 axb5 32. Ra7 Nf6 33. Bxh6 gxh6 34. Qxf6+
Bg7 35. Qb6 Re7 36. Qxc5 Qd6 37. Qxd6 Rxd6 38. Nh4 Red7 39. d4 exd4 40. Rxc7
Rxc7 41. Re8+ Bf8 42. Rxf8+ Kg7 43. Re8 Kf6 44. Rf8+ Kg5 45. Nf3+ Kxg6 46. Nxd4
Rb6 47. Bc2+ Kg7 48. Re8 Rd7 49. f4 b4 50. f5 bxc3 51. bxc3 Rb2 52. Re2 h5 53.
Kg2 Kf6 54. Kg3 Rc7 55. Re6+ Kf7 56. Re3 Kf6 57. Bb3 Rg7+ 58. Kf3 Rc7 59. Kf4
h4 60. Re6+ Kg7 61. f6+ Kf8 62. Rb6 Rxb3 63. Rxb3 Kf7 64. Kg4 Kxf6 65. Kxh4 Ke5
66. Kg3 Ke4 67. Nb5 Rc5 68. Rb4+ Kd5 69. Rd4+ Kc6 70. c4 Rf5 71. Rf4 Re5 72.
Rf8 Kb7 73. Kf4 Re1 74. Rd8 Kc6 75. Rc8+ Kd7 76. Rc7+ Kd8 77. Rh7 Re2 78. Nd6
Re1 79. Ne4 Re2 80. Ke5 Re1 81. c5 Re3 82. Kd5 Re1 83. Nd6 Rd1+ 84. Kc6 1-0